30 Biggest Cities in Estonia - Statistics

General Stats
  • This quiz has been taken 343 times
  • The average score is 18 of 30
Answer Stats
Lp City Population % Correct
1. Tallinn 429 829
100%
3. Narva 62 068
94%
2. Tartu 97 843
94%
4. Pärnu 41 523
91%
7. Rakvere 16 338
78%
10. Kuressaare 14 071
76%
12. Võru 13 171
76%
14. Haapsalu 10 811
75%
6. Viljandi 18 490
75%
11. Valga 13 427
74%
5. Kohtla-Järve 38 197
71%
19. Paide 8 547
63%
18. Rapla 9 473
61%
8. Maardu 15 945
60%
13. Jõhvi 12 354
57%
28. Kärdla 4 835
56%
17. Keila 9 747
54%
9. Sillamäe 14 586
54%
25. Jõgeva 5 553
52%
15. Põlva 10 005
52%
20. Tapa 8 085
47%
16. Türi 9 800
47%
23. Elva 5 807
44%
21. Saue 5 924
40%
29. Põltsamaa 4 380
38%
22. Kiviõli 5 814
35%
27. Räpina 5 095
30%
30. Kilingi-Nõmme 4 188
23%
24. Kehra 5 752
21%
26. Suure-Jaani 5 540
17%
No matching quizzes found
Score Distribution
Percent of People with Each Score
Percentile by Number Answered
Your Score History
You have not taken this quiz